| 000 | 00000nam##2200000za#4500 |
| 001 | 9.644245 |
| 003 | CaOODSP |
| 005 | 20210624224544 |
| 007 | cr ||||||||||| |
| 008 | 150407|1991||||xxc|||||o f|0| 0 fre|d |
| 040 | |aCaOODSP|bfre |
| 043 | |an-cn--- |
| 086 | 1 |aA53-1470/1991F-PDF |
| 110 | 1 |aCanada.|bAgriculture Canada. |bDirection générale des communications. |
| 245 | 13|aLe sainfoin dans l'ouest du Canada / |h[ressource électronique]|c[par] B.P. Goplen, K.W. Richards et J.R. Moyer. |
| 250 | |aÉd. revue |
| 260 | |aOttawa - Ontario : |bAgriculture Canada. |c1991. |
| 300 | |a28p.|bill., tableaux |
| 500 | |aSommaire: Recommandations.--Introduction.--Caractéristiques.--Adaptation.--Cultiva rs.--Inoculation et fertilisation.--Semis.--Désherbage.--Utilisation et régie.--Production de semences.--Maladies et insectes. Cette publication a déjà été signalée sur la Liste spéciale 1991 n° 12 (le 31 décembre 1991). |
| 500 | |aPublication historique numérisée par Agriculture et Agroalimentaire Canada. |
| 590 | |a15-02-Supp|b2015-02-16 |
| 720 | 1 |aGoplen, B. P. |
| 720 | 1 |aRichards, K. W. |
| 720 | 1 |aMoyer, J. R. |
| 775 | 08|tSainfoin for Western Canada / |w(CaOODSP)9.700348 |
| 776 | 0#|tLe sainfoin dans l'ouest du Canada / |w(CaOODSP)9.678250 |
| 856 | 40|ahttp://publications.gc.ca|qPDF|s2027 Ko|uhttps://publications.gc.ca/collections/collection_2015/aac-aafc/A53-1470-1991-fra.pdf |
| 986 | |aPublication 1470/F |